书目信息 |
| 题名: |
虚拟仪器技术概论
|
|
| 作者: | 杨乐平 编著 | |
| 分册: | ||
| 出版信息: | 北京 电子工业出版社 2003.03 |
|
| 页数: | 274页 | |
| 开本: | 26cm | |
| 丛书名: | ||
| 单 册: | ||
| 中图分类: | TP216 | |
| 科图分类: | ||
| 主题词: | 自动化元件 , 自动化器件 | |
| 电子资源: | ||
| ISBN: | 7-5053-8532-1 | |
| 000 | 00587nam0 2200205 450 | |
| 001 | 0337064691 | |
| 005 | 20031224101744.54 | |
| 010 | @a7-5053-8532-1@dCNY28.00 | |
| 100 | @a20031224d2003 km y0chiy0120 ea | |
| 101 | 0 | @achi |
| 102 | @aCN@b110000 | |
| 200 | 1 | @a虚拟仪器技术概论@Axu ni yi qi ji shu gai lun@f杨乐平等编著@Fyang yue ping deng bian zhu |
| 210 | @a北京@c电子工业出版社@d2003.03 | |
| 215 | @a274页@d26cm | |
| 606 | 0 | @a自动化元件 |
| 606 | 0 | @a自动化器件 |
| 690 | @aTP216@v4 | |
| 701 | 0 | @a杨乐平@Ayang yue ping@4编著 |
| 801 | 0 | @aCN@bPFT@c20031224 |
| 905 | @aBZT@dTP216@e1@f4 | |
| 虚拟仪器技术概论/杨乐平等编著.-北京:电子工业出版社,2003.03 |
| 274页;26cm |
| ISBN 7-5053-8532-1:CNY28.00 |
| ● |
| 相关链接 |
|
|
|
正题名:虚拟仪器技术概论
索取号:TP216/1
 
预约/预借
| 序号 | 登录号 | 条形码 | 馆藏地/架位号 | 状态 | 备注 |
| 1 | 2001740618 | 2001740618 | 样本书库/样005架B面3层3列/ [索取号:TP216/1] | 在馆 |